000 00847nam0a22002651 4500
001 rc\770796
005 20040301142949.8
035 _a(NLR Aleph) 006297452
090 _a7215394
_c7215394
100 _a20040301d1983 u |0rusy50 ca
101 0 _arus
102 _aRU
105 _aa |||||||||
200 1 _aКозловые краны общего назначения
205 _a2-е изд., перераб.
210 _aМ.
_cМашиностроение
_d1983
215 _a232 с.
_cил.
_d22
320 _aБиблиогр.: с. 228-230 (71 назв.)
700 1 _aАбрамович
_bИ. И.
_gИсаак Иосифович
701 1 _aКотельников
_bГ. А.
_gГеннадий Алексеевич
801 0 _aRU
_bNLR
_gpsbo
801 1 _aRU
_bELAR
_2rusmarc
852 _aNLR
_j83-5/5828
942 _cBOOK
980 _aNB